[Event "Bolton Easter Open"]
[Site "Bolton"]
[Date "2018.03.30"]
[Round "1.1"]
[White "McPhillips, Joseph"]
[Black "Newton, Robert"]
[Result "1-0"]
[WhiteElo "2402"]
[BlackElo "1962"]
[Annotator "Ian"]
[PlyCount "63"]
[EventDate "2018.03.30"]
[EventType "swiss"]
[EventRounds "5"]
[EventCountry "ENG"]
[SourceTitle "BritBase"]
[Source "John Saunders"]
[SourceDate "2024.12.03"]
[SourceVersion "1"]
[SourceVersionDate "2024.12.03"]
[SourceQuality "1"]

1. Nf3 a5 2. e4 h5 3. d4 e6 4. Nc3 h4 5. d5 Be7 6. Bc4 Na6 7. e5 Nh6 8. O-O Nf5 9. Bd3 Nh6 10. Bb5 Nc5 11. Nd4 c6 12. d6 cxb5 13. dxe7 Qxe7 14. Ncxb5 O-O 15. Qh5 f5 16. Bg5 Qf7 17. Qxh4 Ne4 18. Bxh6 gxh6 19. f3 Nd2 20. Nd6 Qg7 21. Rfe1 b5 22. b3 a4 23. Rad1 axb3 24. axb3 Ne4 25. fxe4 Qxe5 26. Qxh6 Qxd6 27. Qg6+ Kh8 28. Qh6+ Kg8 29. Qg6+ Kh8 30. Rd3 Qxd4+ 31. Rxd4 f4 32. Rd3 1-0

[Event "Bolton Easter Open"]
[Site "Bolton"]
[Date "2018.03.30"]
[Round "1.2"]
[White "Doran, Chris"]
[Black "Surtees, Michael J"]
[Result "0-1"]
[WhiteElo "1954"]
[BlackElo "2154"]
[Annotator "Ian"]
[PlyCount "66"]
[EventDate "2018.03.30"]
[EventType "swiss"]
[EventRounds "5"]
[EventCountry "ENG"]
[SourceTitle "BritBase"]
[Source "John Saunders"]
[SourceDate "2024.12.03"]
[SourceVersion "1"]
[SourceVersionDate "2024.12.03"]
[SourceQuality "1"]

1. e4 c6 2. Nc3 d5 3. Nf3 a6 4. d4 Bg4 5. h3 Bh5 6. Be2 e6 7. O-O Nf6 8. e5 Nfd7 9. Be3 c5 10. g4 Bg6 11. dxc5 h5 12. Kg2 hxg4 13. hxg4 Nc6 14. Nd4 Nxd4 15. Bxd4 Nxc5 16. Qd2 Qc7 17. Rh1 Rg8 18. Qe3 Be7 19. a3 b6 20. b4 Nd7 21. Rac1 Qb7 22. f4 Be4+ 23. Bf3 Bxf3+ 24. Qxf3 O-O-O 25. Qe3 b5 26. Rb1 Nb6 27. Bxb6 d4+ 28. Qf3 Qxb6 29. Ne4 Rd5 30. Rhd1 f5 31. g5 Qb8 32. Ng3 Rgd8 33. Rd2 R8d7 0-1

[Event "Bolton Easter Open"]
[Site "Bolton"]
[Date "2018.03.30"]
[Round "1.3"]
[White "Jackson, Oliver A"]
[Black "Webster, Richard J"]
[Result "1-0"]
[WhiteElo "2144"]
[BlackElo "1935"]
[Annotator "Ian"]
[PlyCount "57"]
[EventDate "2018.03.30"]
[EventType "swiss"]
[EventRounds "5"]
[EventCountry "ENG"]
[SourceTitle "BritBase"]
[Source "John Saunders"]
[SourceDate "2024.12.03"]
[SourceVersion "1"]
[SourceVersionDate "2024.12.03"]
[SourceQuality "1"]

1. e4 c5 2. Nc3 Nc6 3. f4 g6 4. Nf3 Bg7 5. Bb5 Nd4 6. a4 a6 7. Bc4 e6 8. e5 d5 9. exd6 Qxd6 10. d3 Ne7 11. Ne4 Qc7 12. c3 Ndf5 13. O-O b6 14. Qe1 Nd6 15. Bd2 Nxe4 16. dxe4 Bb7 17. Bd3 Rd8 18. Qe2 O-O 19. Bc4 Qc8 20. Rae1 Kh8 21. Qf2 Ng8 22. f5 exf5 23. Ng5 Rxd2 24. Qxd2 Bh6 25. exf5 f6 26. h4 fxg5 27. hxg5 Rd8 28. Qe3 Qc6 29. Re2 1-0

[Event "Bolton Easter Open"]
[Site "Bolton"]
[Date "2018.03.30"]
[Round "1.4"]
[White "Boswell, Jacob Connor"]
[Black "Mason, Donald J"]
[Result "1/2-1/2"]
[WhiteElo "1903"]
[BlackElo "2120"]
[Annotator "Ian"]
[PlyCount "81"]
[EventDate "2018.03.30"]
[EventType "swiss"]
[EventRounds "5"]
[EventCountry "ENG"]
[SourceTitle "BritBase"]
[Source "John Saunders"]
[SourceDate "2024.12.03"]
[SourceVersion "1"]
[SourceVersionDate "2024.12.03"]
[SourceQuality "1"]

1. e4 e6 2. d4 d5 3. Nd2 Be7 4. Ngf3 Nf6 5. e5 Nfd7 6. c3 c5 7. Bd3 Nc6 8. Bc2 b6 9. O-O cxd4 10. cxd4 Nb4 11. Bb1 Ba6 12. Re1 Nd3 13. Re3 Nxc1 14. Qxc1 Rc8 15. Rc3 O-O 16. Rxc8 Qxc8 17. Bc2 Be2 18. Qb1 g6 19. Bd3 Bxd3 20. Qxd3 Qc6 21. Nb3 Rc8 22. Ne1 Bb4 23. g3 a5 24. a3 Bxe1 25. Rxe1 a4 26. Rc1 Qb7 27. Rxc8+ Qxc8 28. Nd2 Qc1+ 29. Kg2 Qxb2 30. h4 h6 31. h5 Kg7 32. hxg6 fxg6 33. Nf3 Qb3 34. Qa6 Qxa3 35. Qa7 Qe7 36. Qxa4 Nb8 37. Qb5 Qd8 38. Ng1 Kf7 39. Ne2 Qc7 40. Nf4 Nd7 41. Qb1 1/2-1/2

[Event "Bolton Easter Open"]
[Site "Bolton"]
[Date "2018.03.30"]
[Round "1.5"]
[White "Jaunooby, Ali Reza"]
[Black "Reed, John"]
[Result "1-0"]
[WhiteElo "2110"]
[BlackElo "1891"]
[Annotator "Ian"]
[PlyCount "87"]
[EventDate "2018.03.30"]
[EventType "swiss"]
[EventRounds "5"]
[EventCountry "ENG"]
[SourceTitle "BritBase"]
[Source "John Saunders"]
[SourceDate "2024.12.03"]
[SourceVersion "1"]
[SourceVersionDate "2024.12.03"]
[SourceQuality "1"]

1. d4 Nf6 2. c4 d6 3. g3 g6 4. Bg2 Bg7 5. Nc3 O-O 6. e3 e5 7. Nge2 Nbd7 8. h3 Re8 9. d5 e4 10. g4 Nc5 11. Ng3 h6 12. O-O Qe7 13. b4 Nd3 14. Rb1 a5 15. b5 Ne5 16. Qe2 Nfxg4 17. Ncxe4 Nf6 18. Nxf6+ Qxf6 19. f4 Nd7 20. Kh2 Qh4 21. Ne4 Nf6 22. Nxf6+ Qxf6 23. Bb2 Qe7 24. Bxg7 Kxg7 25. Qb2+ Kh7 26. e4 Bd7 27. b6 c6 28. Rbe1 f6 29. e5 fxe5 30. c5 cxd5 31. cxd6 Qxd6 32. fxe5 Qe6 33. Qd2 Rf8 34. Qxd5 Qxd5 35. Bxd5 Bc6 36. Bxc6 bxc6 37. Rf6 c5 38. Rc6 Rf2+ 39. Kg3 Raf8 40. Rc7+ Kg8 41. Re3 R8f7 42. h4 R2f5 43. Rxf7 Rxf7 44. e6 1-0

[Event "Bolton Easter Open"]
[Site "Bolton"]
[Date "2018.03.30"]
[Round "1.6"]
[White "Hilton, Tim"]
[Black "Starley, Robert"]
[Result "1-0"]
[WhiteElo "1876"]
[BlackElo "2092"]
[Annotator "Ian"]
[PlyCount "57"]
[EventDate "2018.03.30"]
[EventType "swiss"]
[EventRounds "5"]
[EventCountry "ENG"]
[SourceTitle "BritBase"]
[Source "John Saunders"]
[SourceDate "2024.12.03"]
[SourceVersion "1"]
[SourceVersionDate "2024.12.03"]
[SourceQuality "1"]

1. c4 Nf6 2. g3 e5 3. Bg2 Nc6 4. Nc3 Bc5 5. a3 a5 6. e3 O-O 7. Nge2 Re8 8. O-O d6 9. d4 exd4 10. exd4 Bb6 11. h3 Bf5 12. Be3 Ne4 13. Nd5 Ba7 14. b4 axb4 15. axb4 Ne7 16. Ndf4 Ng6 17. c5 d5 18. b5 Qd7 19. Qb3 Be6 20. b6 Bxb6 21. cxb6 c6 22. Nxe6 Qxe6 23. Ra7 Nd6 24. Rfa1 Rac8 25. Nf4 Qd7 26. Nd3 Qe7 27. Bf3 Rb8 28. Nc5 Rbd8 29. Bg4 1-0

[Event "Bolton Easter Open"]
[Site "Bolton"]
[Date "2018.03.30"]
[Round "1.7"]
[White "Hopkins, Kit H"]
[Black "Trueman, Glenn"]
[Result "1/2-1/2"]
[WhiteElo "1990"]
[BlackElo "1864"]
[Annotator "Ian"]
[PlyCount "142"]
[EventDate "2018.03.30"]
[EventType "swiss"]
[EventRounds "5"]
[EventCountry "ENG"]
[SourceTitle "BritBase"]
[Source "John Saunders"]
[SourceDate "2024.12.03"]
[SourceVersion "1"]
[SourceVersionDate "2024.12.03"]
[SourceQuality "1"]

1. c4 e6 2. Nc3 d5 3. d4 Be7 4. Nf3 Nf6 5. Bf4 O-O 6. e3 b6 7. Rc1 Bb7 8. cxd5 exd5 9. Bd3 Nbd7 10. O-O c6 11. Ne5 Re8 12. Qa4 Nxe5 13. Bxe5 Bd6 14. Bxd6 Qxd6 15. h3 a5 16. Qb3 Qb4 17. Na4 Qxb3 18. axb3 Nd7 19. Bf5 Rad8 20. Bxd7 Rxd7 21. Nxb6 Rdd8 22. Rc3 Ba6 23. Ra1 Bb5 24. Rxa5 Rb8 25. Nd7 Rb7 26. Nc5 Rbe7 27. Nd3 Rb7 28. Nb4 g6 29. Nxc6 Bxc6 30. Rxc6 Rxb3 31. Rxd5 Rxb2 32. Rd7 Rb1+ 33. Kh2 Rb2 34. Kg3 h5 35. h4 Rb5 36. Rdc7 Kg7 37. Rc5 Rb6 38. Rc2 Re4 39. R7c3 g5 40. hxg5 Rg4+ 41. Kh3 Rxg5 42. Rc5 Rgg6 43. Rxh5 Rb1 44. g4 Rh1+ 45. Kg3 Rxh5 46. f4 Rh8 47. g5 Re6 48. Rc3 Rhe8 49. Kf3 Rd6 50. f5 Rh8 51. Rd3 Rh5 52. Kg4 Rh1 53. d5 Rg1+ 54. Kf4 f6 55. g6 Rf1+ 56. Ke4 Ra1 57. Kd4 Ra5 58. e4 Rda6 59. Rc3 Ra4+ 60. Rc4 Kf8 61. Kc3 Rxc4+ 62. Kxc4 Ra4+ 63. Kb5 Rxe4 64. Kc6 Ke7 65. d6+ Kd8 66. d7 Re7 67. Kd6 Rxd7+ 68. Ke6 Ke8 69. Kxf6 Kf8 70. Ke6 Rd1 71. f6 Re1+ 1/2-1/2

[Event "Bolton Easter Open"]
[Site "Bolton"]
[Date "2018.03.30"]
[Round "1.8"]
[White "Celinski, Kamil"]
[Black "Bimpson, Tom"]
[Result "1/2-1/2"]
[WhiteElo "1861"]
[BlackElo "1985"]
[Annotator "Ian"]
[PlyCount "92"]
[EventDate "2018.03.30"]
[EventType "swiss"]
[EventRounds "5"]
[EventCountry "ENG"]
[SourceTitle "BritBase"]
[Source "John Saunders"]
[SourceDate "2024.12.03"]
[SourceVersion "1"]
[SourceVersionDate "2024.12.03"]
[SourceQuality "1"]

1. d4 d6 2. Bf4 g6 3. e3 Bg7 4. Nf3 Nd7 5. Be2 e5 6. dxe5 dxe5 7. Bg5 f6 8. Bh4 Ne7 9. e4 c6 10. Bc4 Qb6 11. Bb3 Nc5 12. Nbd2 Nxb3 13. axb3 Be6 14. Qe2 g5 15. Bg3 h5 16. h4 g4 17. Nh2 Bh6 18. Nhf1 O-O-O 19. Ra4 Rd4 20. Rxd4 exd4 21. Nc4 Qb4+ 22. Kd1 b5 23. Bd6 c5 24. Na3 Kd7 25. Bxe7 Kxe7 26. Qxb5 Qxb5 27. Nxb5 Rb8 28. Na3 d3 29. Nd2 dxc2+ 30. Kxc2 Bxd2 31. Kxd2 Rxb3 32. Kc2 Rb4 33. Re1 Kd6 34. Nb1 Ke5 35. Nc3 a5 36. Re3 a4 37. g3 Bb3+ 38. Kd2 Bf7 39. Kc1 Rd4 40. Nb5 Rxe4 41. Kd2 Rxe3 42. Kxe3 Bd5 43. Nc3 Bc6 44. Kd3 f5 45. Kc4 Kd6 46. Kd3 Ke5 1/2-1/2

[Event "Bolton Easter Open"]
[Site "Bolton"]
[Date "2018.03.30"]
[Round "1.9"]
[White "Owen, Dennis P"]
[Black "Taylor, Mark V"]
[Result "1-0"]
[WhiteElo "1985"]
[BlackElo "1776"]
[Annotator "Ian "]
[PlyCount "67"]
[EventDate "2018.03.30"]
[EventType "swiss"]
[EventRounds "5"]
[EventCountry "ENG"]
[SourceTitle "BritBase"]
[Source "John Saunders"]
[SourceDate "2024.12.03"]
[SourceVersion "1"]
[SourceVersionDate "2024.12.03"]
[SourceQuality "1"]

1. e4 c5 2. Nf3 d6 3. Bb5+ Bd7 4. Bxd7+ Nxd7 5. d3 Ngf6 6. c4 g6 7. Nc3 Bg7 8. O-O O-O 9. h3 Ne5 10. Be3 Nxf3+ 11. Qxf3 Nd7 12. Qe2 Bxc3 13. bxc3 Qa5 14. Qd2 f5 15. exf5 Rxf5 16. f4 e6 17. Rf2 Rc8 18. Raf1 Qd8 19. g4 Rf7 20. Rf3 Qe7 21. Kg2 Rc6 22. Bf2 Ra6 23. Bg3 Nf8 24. R1f2 Qd7 25. d4 Qa4 26. dxc5 dxc5 27. Qe2 Qc6 28. Kh2 Rb6 29. Qc2 e5 30. f5 e4 31. Re3 gxf5 32. gxf5 Nd7 33. Rxe4 Nf6 34. Re6 1-0

[Event "Bolton Easter Open"]
[Site "Bolton"]
[Date "2018.03.30"]
[Round "1.10"]
[White "Hamilton, Selwyn L"]
[Black "Kobryn, Peter J"]
[Result "0-1"]
[WhiteElo "1668"]
[BlackElo "1969"]
[Annotator "Ian "]
[PlyCount "116"]
[EventDate "2018.03.30"]
[EventType "swiss"]
[EventRounds "5"]
[EventCountry "ENG"]
[SourceTitle "BritBase"]
[Source "John Saunders"]
[SourceDate "2024.12.03"]
[SourceVersion "1"]
[SourceVersionDate "2024.12.03"]
[SourceQuality "1"]

1. c4 Nf6 2. Nf3 e6 3. g3 d5 4. d4 Be7 5. Bg2 O-O 6. Qc2 h6 7. Nbd2 Nbd7 8. O-O Re8 9. b3 c6 10. Bb2 b6 11. e4 Bb7 12. Rac1 Qb8 13. e5 Nh7 14. Rfe1 Rc8 15. Qb1 a5 16. a3 c5 17. dxc5 bxc5 18. a4 Nhf8 19. Ba1 Ng6 20. Re2 d4 21. Rce1 Bc6 22. h4 Qc7 23. h5 Ngf8 24. Nh2 Nb8 25. Bxc6 Nxc6 26. Nhf3 Ra7 27. Bb2 Rb7 28. Ba3 Rcb8 29. Qd3 Nd7 30. Re4 Re8 31. R4e2 Qb8 32. Qe4 Rb6 33. Qc2 Rc8 34. Kg2 Bd8 35. Qe4 Be7 36. Qf4 f6 37. Qg4 Ncxe5 38. Nxe5 Nxe5 39. Qe4 Bd8 40. f4 Nf7 41. Qg6 Qb7+ 42. Kg1 Qd7 43. Ne4 Be7 44. Nd2 Rbc6 45. Nf3 Rb8 46. Nd2 e5 47. Qe4 Rcb6 48. fxe5 fxe5 49. Qf3 Rf6 50. Qg2 Rf5 51. Ne4 Rc8 52. g4 Rf4 53. Nf2 Ng5 54. Kh1 Nf3 55. Rd1 Bh4 56. Bc1 Rf7 57. Rd3 Bxf2 58. Rxf3 Rxf3 0-1

[Event "Bolton Easter Open"]
[Site "Bolton"]
[Date "2018.03.30"]
[Round "2.1"]
[White "Owen, Dennis P"]
[Black "McPhillips, Joseph"]
[Result "0-1"]
[WhiteElo "1985"]
[BlackElo "2402"]
[Annotator "Ian"]
[PlyCount "132"]
[EventDate "2018.03.30"]
[EventType "swiss"]
[EventRounds "5"]
[EventCountry "ENG"]
[SourceTitle "BritBase"]
[Source "John Saunders"]
[SourceDate "2024.12.03"]
[SourceVersion "1"]
[SourceVersionDate "2024.12.03"]
[SourceQuality "1"]

1. e4 c5 2. Nf3 a6 3. c4 e6 4. Nc3 Qc7 5. g3 Nc6 6. Bg2 Nge7 7. O-O h6 8. d3 g5 9. Be3 Ng6 10. Rc1 d6 11. Ne1 Bg7 12. Qd2 Nge5 13. f3 Nd4 14. Ne2 Nec6 15. Nxd4 cxd4 16. Bf2 a5 17. b3 Qe7 18. Nc2 h5 19. Rfe1 h4 20. g4 Be5 21. Rb1 Qf6 22. h3 Bd7 23. Kf1 Bf4 24. Qe2 Be5 25. Qd2 Bf4 26. Qe2 Kf8 27. Red1 Be5 28. Be1 Kg7 29. Bd2 Kg6 30. Bc1 Bg3 31. Bb2 Kh6 32. Bc1 Rhc8 33. Bd2 Rc7 34. Be1 Bf4 35. Bd2 Bg3 36. Be1 Be5 37. Bd2 Ne7 38. Qe1 Bg3 39. Qe2 b5 40. Be1 Bf4 41. Bf2 e5 42. Na3 bxc4 43. dxc4 Ng6 44. Nc2 Bh2 45. Ne1 Nf4 46. Qb2 Rb8 47. Qd2 a4 48. Nd3 Rcb7 49. Nxf4 Bxf4 50. Qd3 Qd8 51. Be1 Ra8 52. Rb2 axb3 53. axb3 Ra3 54. Rdb1 Qb8 55. Qc2 Qa7 56. Qd3 Be3 57. Ke2 Be6 58. Kd1 Rc7 59. Qc2 d3 60. Qxd3 Bxc4 61. Qxd6+ Kh7 62. Qxe5 Rd7+ 63. Bd2 Bf4 64. Qf5+ Kg7 65. bxc4 Qg1+ 66. Ke2 Rxd2+ 0-1

[Event "Bolton Easter Open"]
[Site "Bolton"]
[Date "2018.03.30"]
[Round "2.2"]
[White "Surtees, Michael J"]
[Black "Hilton, Tim"]
[Result "1-0"]
[WhiteElo "2154"]
[BlackElo "1876"]
[Annotator "Ian"]
[PlyCount "79"]
[EventDate "2018.03.30"]
[EventType "swiss"]
[EventRounds "5"]
[EventCountry "ENG"]
[SourceTitle "BritBase"]
[Source "John Saunders"]
[SourceDate "2024.12.03"]
[SourceVersion "1"]
[SourceVersionDate "2024.12.03"]
[SourceQuality "1"]

1. e4 e6 2. a3 d5 3. e5 c5 4. b4 c4 5. d4 cxd3 6. Bxd3 Nc6 7. Nf3 f6 8. Bb2 fxe5 9. Nxe5 Nf6 10. Nd2 Bd6 11. f4 O-O 12. O-O Qb6+ 13. Kh1 a5 14. b5 Ne7 15. a4 Nf5 16. Bxf5 exf5 17. Nb3 Be6 18. Bd4 Qc7 19. b6 Qc8 20. Qd3 Ne4 21. Bb2 Qd8 22. Qb5 Bb4 23. Nd4 Qe7 24. Rf3 Rac8 25. Ba3 Bxa3 26. Raxa3 Rc5 27. Qb2 Nd2 28. Rfe3 Ne4 29. h3 Nf2+ 30. Kh2 Ne4 31. Nb5 Qh4 32. g3 Qh5 33. Nf3 Rf6 34. Nbd4 Rh6 35. h4 Qg4 36. Ng5 Rxh4+ 37. gxh4 Qxf4+ 38. Rg3 Qxh4+ 39. Kg2 Qh5 40. Nh3 1-0

[Event "Bolton Easter Open"]
[Site "Bolton"]
[Date "2018.03.30"]
[Round "2.3"]
[White "Kobryn, Peter J"]
[Black "Jackson, Oliver A"]
[Result "0-1"]
[WhiteElo "1969"]
[BlackElo "2144"]
[Annotator "Ian"]
[PlyCount "86"]
[EventDate "2018.03.30"]
[EventType "swiss"]
[EventRounds "5"]
[EventCountry "ENG"]
[SourceTitle "BritBase"]
[Source "John Saunders"]
[SourceDate "2024.12.03"]
[SourceVersion "1"]
[SourceVersionDate "2024.12.03"]
[SourceQuality "1"]

1. d4 Nf6 2. Nf3 c5 3. d5 g6 4. c4 Bg7 5. Nc3 d6 6. e4 O-O 7. h3 Na6 8. Be2 Nc7 9. O-O e5 10. Be3 Nh5 11. Qd2 f5 12. Bh6 f4 13. Bxg7 Nxg7 14. Nh2 h5 15. Rfb1 Kh7 16. a3 a5 17. Bd1 Nce8 18. f3 Nf6 19. Qf2 g5 20. Be2 Nge8 21. Kf1 b6 22. Ke1 Ra7 23. Kd2 Rg7 24. Rh1 Kg8 25. a4 g4 26. hxg4 hxg4 27. Nxg4 Bxg4 28. fxg4 Nxg4 29. Bxg4 Rxg4 30. Rh2 Qg5 31. Rah1 Nf6 32. Kd1 Kf7 33. Qe2 Rg8 34. Nb5 Ke7 35. Rg1 Rg3 36. Na7 Re3 37. Nc6+ Ke8 38. Qf1 f3 39. g3 Qg4 40. Rh4 Qg6 41. Qh3 Ng4 42. Rf1 Qxe4 43. Rh7 Qb1+ 0-1

[Event "Bolton Easter Open"]
[Site "Bolton"]
[Date "2018.03.30"]
[Round "2.4"]
[White "Leah, Thomas"]
[Black "Jaunooby, Ali Reza"]
[Result "0-1"]
[WhiteElo "1968"]
[BlackElo "2110"]
[Annotator "Ian"]
[PlyCount "80"]
[EventDate "2018.03.30"]
[EventType "swiss"]
[EventRounds "5"]
[EventCountry "ENG"]
[SourceTitle "BritBase"]
[Source "John Saunders"]
[SourceDate "2024.12.03"]
[SourceVersion "1"]
[SourceVersionDate "2024.12.03"]
[SourceQuality "1"]

1. e4 d5 2. exd5 Nf6 3. d4 Nxd5 4. c4 Nb4 5. Qa4+ N8c6 6. a3 Na6 7. d5 Nc5 8. Qb5 b6 9. Bf4 Bb7 10. dxc6 Ba6 11. Qb4 e5 12. Qc3 exf4 13. Nf3 Qe7+ 14. Be2 O-O-O 15. b4 Ne4 16. Qe5 Kb8 17. O-O Re8 18. Qxe7 Bxe7 19. Ne5 Bh4 20. Nd7+ Ka8 21. Bd3 f3 22. Ra2 fxg2 23. Kxg2 Re6 24. Re2 Rhe8 25. f3 Nd6 26. Rxe6 Rxe6 27. b5 Bc8 28. Nd2 Re3 29. Be4 Re2+ 30. Kh3 Bg5 31. Nb3 f5 32. Bd5 Bf4 33. Rh1 Be3 34. Nc1 Rc2 35. Nd3 f4 36. N3e5 Re2 37. Ng4 Bd4 38. Rd1 Bc3 39. Rd3 Bb2 40. a4 h5 0-1

[Event "Bolton Easter Open"]
[Site "Bolton"]
[Date "2018.03.30"]
[Round "2.5"]
[White "Mason, Donald J"]
[Black "Celinski, Kamil"]
[Result "1/2-1/2"]
[WhiteElo "2120"]
[BlackElo "1861"]
[Annotator "Ian"]
[PlyCount "92"]
[EventDate "2018.03.30"]
[EventType "swiss"]
[EventRounds "5"]
[EventCountry "ENG"]
[SourceTitle "BritBase"]
[Source "John Saunders"]
[SourceDate "2024.12.03"]
[SourceVersion "1"]
[SourceVersionDate "2024.12.03"]
[SourceQuality "1"]

1. e4 e5 2. Nf3 Nc6 3. Bc4 Bc5 4. c3 Nf6 5. d3 O-O 6. O-O d5 7. exd5 Nxd5 8. Re1 Bg4 9. h3 Bh5 10. Nbd2 Nb6 11. Ne4 Bd6 12. Bg5 Be7 13. Bxe7 Qxe7 14. Bb3 Rad8 15. Qe2 Nd5 16. Bxd5 Rxd5 17. Ng3 Bxf3 18. Qxf3 Qd7 19. Rad1 Rd8 20. Re3 f6 21. b4 Ne7 22. Rde1 Ng6 23. d4 exd4 24. cxd4 Nh4 25. Qe4 Rxd4 26. Qxb7 c6 27. Re7 Qxb7 28. Rxb7 R4d7 29. Re7 Rxe7 30. Rxe7 Rd1+ 31. Kh2 Rd2 32. Re2 Rxe2 33. Nxe2 Nf5 34. g4 Ne7 35. Nd4 Kf7 36. Kg3 Ke8 37. a3 Kd7 38. Kf3 g6 39. Ke4 Nc8 40. f4 Nd6+ 41. Kd3 a6 42. Nb3 Nb7 43. Kd4 Kd6 44. a4 g5 45. f5 h6 46. a5 Kd7 1/2-1/2

[Event "Bolton Easter Open"]
[Site "Bolton"]
[Date "2018.03.30"]
[Round "2.6"]
[White "Bimpson, Tom"]
[Black "Hopkins, Kit H"]
[Result "1/2-1/2"]
[WhiteElo "1985"]
[BlackElo "1990"]
[Annotator "Ian"]
[PlyCount "123"]
[EventDate "2018.03.30"]
[EventType "swiss"]
[EventRounds "5"]
[EventCountry "ENG"]
[SourceTitle "BritBase"]
[Source "John Saunders"]
[SourceDate "2024.12.03"]
[SourceVersion "1"]
[SourceVersionDate "2024.12.03"]
[SourceQuality "1"]

1. d4 d5 2. Bf4 Nf6 3. e3 c5 4. c3 Nc6 5. Nd2 Bf5 6. Qb3 Qd7 7. Ngf3 c4 8. Qd1 e6 9. Nh4 Bd6 10. Bxd6 Qxd6 11. Nxf5 exf5 12. Be2 O-O 13. Bf3 b5 14. g3 g6 15. O-O b4 16. a3 a5 17. axb4 axb4 18. Qe2 Ne4 19. Bxe4 fxe4 20. f3 f5 21. fxe4 fxe4 22. Qg4 b3 23. Rxa8 Rxa8 24. h4 Ne7 25. h5 Rf8 26. Rxf8+ Kxf8 27. Nf1 Nf5 28. Kg2 Kg7 29. Kh3 h6 30. Qxg6+ Qxg6 31. hxg6 Nd6 32. Kg4 Kxg6 33. Kf4 Kf6 34. g4 Nb5 35. Nd2 Ke6 36. Kg3 Kf6 37. Kf4 Nd6 38. Nf1 Nc8 39. Ng3 Nb6 40. Nh5+ Ke6 41. Ng7+ Kd7 42. Nf5 Na4 43. Nxh6 Nxb2 44. g5 Nd3+ 45. Kf5 b2 46. g6 b1=Q 47. g7 Qb8 48. g8=Q Qxg8 49. Nxg8 Kd6 50. Nf6 Nb2 51. Nxe4+ dxe4 52. Kxe4 Nd1 53. Kf3 Nxc3 54. e4 Nb5 55. Ke3 c3 56. Kd3 Ke6 57. Kc2 Kf6 58. Kd3 Kg5 59. d5 Kf6 60. d6 Ke6 61. e5 Kd7 62. Kc2 1/2-1/2

[Event "Bolton Easter Open"]
[Site "Bolton"]
[Date "2018.03.30"]
[Round "2.7"]
[White "Trueman, Glenn"]
[Black "Starley, Robert"]
[Result "0-1"]
[WhiteElo "1864"]
[BlackElo "2092"]
[Annotator "Ian"]
[PlyCount "110"]
[EventDate "2018.03.30"]
[EventType "swiss"]
[EventRounds "5"]
[EventCountry "ENG"]
[SourceTitle "BritBase"]
[Source "John Saunders"]
[SourceDate "2024.12.03"]
[SourceVersion "1"]
[SourceVersionDate "2024.12.03"]
[SourceQuality "1"]

1. c4 Nf6 2. Nc3 e5 3. Nf3 Nc6 4. e3 Bb4 5. Qc2 O-O 6. Nd5 Ba5 7. a3 d6 8. b4 Bb6 9. Nxb6 axb6 10. Bb2 Bg4 11. d3 Re8 12. Be2 Qe7 13. O-O h6 14. Nh4 Bd7 15. Nf3 Bf5 16. Qb3 Qe6 17. Nd2 Bh7 18. Rac1 Nd7 19. Bf3 Rab8 20. Qc3 Ne7 21. g3 f6 22. Bg2 Kh8 23. e4 Nc6 24. Nf3 Qg4 25. b5 Nd8 26. Qd2 Nc5 27. Rcd1 Ra8 28. h3 Qd7 29. Nh4 Nde6 30. Nf3 Ra4 31. Qc2 Rea8 32. h4 Qf7 33. Bh3 Qh5 34. Kg2 R4a7 35. Rfe1 Rf8 36. Nh2 Raa8 37. Bg4 Qf7 38. Nf1 f5 39. exf5 Bxf5 40. Bxf5 Qxf5 41. Qe2 Nd4 42. Ne3 Qg6 43. Bxd4 exd4 44. Nc2 Rae8 45. Qd2 Ne6 46. Re4 Qf7 47. Qe2 c5 48. Re1 Nc7 49. Rxe8 Nxe8 50. f4 d5 51. Qe6 Qxe6 52. Rxe6 dxc4 53. dxc4 Nf6 54. Rxb6 Re8 55. Kf3 Re7 {White lost on time.} 0-1

[Event "Bolton Easter Open"]
[Site "Bolton"]
[Date "2018.03.30"]
[Round "2.8"]
[White "Newton, Robert"]
[Black "Webster, Richard J"]
[Result "1/2-1/2"]
[WhiteElo "1962"]
[BlackElo "1935"]
[Annotator "Ian"]
[PlyCount "66"]
[EventDate "2018.03.30"]
[EventType "swiss"]
[EventRounds "5"]
[EventCountry "ENG"]
[SourceTitle "BritBase"]
[Source "John Saunders"]
[SourceDate "2024.12.03"]
[SourceVersion "1"]
[SourceVersionDate "2024.12.03"]
[SourceQuality "1"]

1. d4 d5 2. c4 c6 3. cxd5 cxd5 4. Bf4 Nc6 5. e3 Nf6 6. Nc3 a6 7. Bd3 e6 8. a3 Bd6 9. Bxd6 Qxd6 10. f4 h5 11. Qf3 Bd7 12. b4 Na7 13. Nge2 Ke7 14. O-O Rhc8 15. h3 g6 16. Qg3 Kf8 17. Qg5 Ng8 18. e4 Rxc3 19. Nxc3 dxe4 20. Nxe4 Qxd4+ 21. Nf2 Ba4 22. Rac1 Nc6 23. Rc4 Qb2 24. Rfc1 Nce7 25. Rc7 Bc6 26. Rc2 Qxa3 27. Qc5 Rd8 28. Bf1 Rd5 29. Qb6 Qg3 30. Rxb7 Bxb7 31. Qxb7 Qxf4 32. Rc4 Qe3 33. Re4 Qd2 1/2-1/2

[Event "Bolton Easter Open"]
[Site "Bolton"]
[Date "2018.03.30"]
[Round "2.9"]
[White "Reed, John"]
[Black "Doran, Chris"]
[Result "0-1"]
[WhiteElo "1891"]
[BlackElo "1954"]
[Annotator "Ian "]
[PlyCount "90"]
[EventDate "2018.03.30"]
[EventType "swiss"]
[EventRounds "5"]
[EventCountry "ENG"]
[SourceTitle "BritBase"]
[Source "John Saunders"]
[SourceDate "2024.12.03"]
[SourceVersion "1"]
[SourceVersionDate "2024.12.03"]
[SourceQuality "1"]

1. d4 Nf6 2. c4 g6 3. Nc3 Bg7 4. e4 d6 5. f4 O-O 6. Nf3 c5 7. d5 e6 8. Be2 exd5 9. cxd5 Bg4 10. O-O Nbd7 11. Re1 Re8 12. h3 Bxf3 13. Bxf3 a6 14. a4 Rb8 15. a5 b5 16. axb6 Qxb6 17. Re2 c4+ 18. Be3 Qb7 19. Qa4 Ra8 20. Qxc4 Rec8 21. Qa2 Nc5 22. Bxc5 Rxc5 23. e5 Ne8 24. Rae1 Rb8 25. Kh1 Qb4 26. exd6 Nxd6 27. Qxa6 Bxc3 28. bxc3 Rxc3 29. Qa7 Rbc8 30. Re3 Rc1 31. Qe7 Qxf4 32. Qe5 Qb4 33. Rxc1 Rxc1+ 34. Kh2 Nf5 35. Re4 Qb1 36. g3 Qd3 37. Bg2 Rc2 38. Qb8+ Kg7 39. Qe5+ f6 40. Qf4 Kf7 41. Ra4 Qxd5 42. Ra7+ Ne7 43. Qf1 Qc5 44. Rb7 Rc1 45. Bd5+ Qxd5 0-1

[Event "Bolton Easter Open"]
[Site "Bolton"]
[Date "2018.03.31"]
[Round "3.1"]
[White "McPhillips, Joseph"]
[Black "Jackson, Oliver A"]
[Result "1-0"]
[WhiteElo "2402"]
[BlackElo "2144"]
[Annotator "Ian"]
[PlyCount "79"]
[EventDate "2018.03.30"]
[EventType "swiss"]
[EventRounds "5"]
[EventCountry "ENG"]
[SourceTitle "BritBase"]
[Source "John Saunders"]
[SourceDate "2024.12.03"]
[SourceVersion "1"]
[SourceVersionDate "2024.12.03"]
[SourceQuality "1"]

1. Nf3 d6 2. e4 g6 3. d4 Bg7 4. Bc4 e6 5. Qe2 Ne7 6. Bb3 O-O 7. h4 h5 8. Bg5 Nbc6 9. c3 Na5 10. Bc2 b6 11. Nbd2 f6 12. Be3 c5 13. O-O Bd7 14. b4 Nb7 15. a4 Rc8 16. Bb3 Kh8 17. Rfd1 Qc7 18. Nf1 d5 19. exd5 Nxd5 20. Bd2 Rce8 21. Qe4 f5 22. Qe2 cxb4 23. cxb4 Nc3 24. Qe3 Nxd1 25. Rxd1 Bc6 26. Rc1 Qd6 27. Ne5 Bxe5 28. dxe5 f4 29. Qc3 Qe7 30. Qxc6 Nd8 31. Qe4 Qxh4 32. Qxg6 Rf7 33. Qh6+ Kg8 34. Nh2 Ref8 35. Nf3 Qg4 36. Qg5+ Rg7 37. Qxg4 hxg4 38. Nd4 Rd7 39. Nxe6 Rxd2 40. Nxd8+ {Black lost on time.} 1-0